000 00683nam a2200217Ia 4500
003 GCL
008 140319s9999 xx 000 0 ara d
040 _aGCL /
_cGCL
082 0 4 _a940.1
_bم م
100 1 _aالسيد الباز العرينى
245 1 0 _aميلاد العصور الوسطى /
_cالسيد الباز العرينى
700 1 _aعبدالعزيز توفيق جاويد
700 1 _aموس , ه.سانت ل.ب
260 _a[S.N] :
_bعالم الكتب الحديث ،
_c1967
300 _a448 ص
490 _a
650 0 4 _aتاريخ
650 0 4 _aالعصور الوسطى
650 0 4 _aحضارة العصور الوسطى
942 _2ddc
_cBK
999 _c32021
_d32021